[Event "Aarhus Festuge M1"]
[Site "Aarhus"]
[Date "1998.09.04"]
[Round "2"]
[White "Matthiesen, Arne"]
[Black "Hansen, Bjarne Guldberg"]
[Result "1-0"]
[WhiteElo "2290"]
[BlackElo "2210"]
[PlyCount "83"]
[EventDate "1998.09.??"]
[EventType "tourn"]
[EventRounds "7"]
[EventCountry "DEN"]
[SourceTitle "EXT 2000"]
[Source "ChessBase"]
[SourceDate "1999.11.16"]
[SourceVersion "1"]
[SourceVersionDate "1999.11.16"]
[SourceQuality "1"]

1. d4 Nf6 2. Nf3 c5 3. d5 d6 4. Nc3 g6 5. e4 Bg4 6. Be2 Bxf3 7. Bxf3 Nbd7 8. 0-0 Bg7 9. Bf4 0-0 10. Qd2 Qa5 11. a4 Nb6 12. Nb1 Qxd2 13. Nxd2 a5 14. c3 Nfd7 15. Bg5 Bf6 16. Be3 Rfc8 17. Bd1 Kg7 18. f4 Kg8 19. Bc2 Re8 20. Bd3 e6 21. dxe6 Rxe6 22. Bb5 Bg7 23. Bf2 Rc8 24. Rfd1 Rc7 25. Bg3 Re7 26. Nf3 Rxe4 27. Rxd6 Bf8 28. Rdd1 f5 29. Bh4 Be7 30. Bxe7 Rxe7 31. Rd6 Nc8 32. Rd2 c4 33. Rad1 Ndb6 34. Rd8+ Kg7 35. Ne5 Na7 36. Be8 Re6 37. R1d4 Ree7 38. h4 Re6 39. h5 g5 40. g3 g4 41. R4d6 Kf6 42. Bf7 1-0

[Event "Aarhus Masters op"]
[Site "Aarhus"]
[Date "1998.??.??"]
[Round "5"]
[White "Hansen, Bjarne Guldberg"]
[Black "Windelboe, Werner"]
[Result "0-1"]
[WhiteElo "2245"]
[BlackElo "2205"]
[PlyCount "81"]
[EventDate "1998.??.??"]
[EventType "swiss"]
[EventRounds "7"]
[EventCountry "DEN"]
[SourceTitle "EXT 1999"]
[Source "ChessBase"]
[SourceDate "1998.11.16"]
[SourceVersion "1"]
[SourceVersionDate "1998.11.16"]
[SourceQuality "1"]

1. d4 b5 2. e4 a6 3. c4 e6 4. cxb5 axb5 5. Bxb5 Bb7 6. Nc3 Bb4 7. f3 Qh4+ 8. g3 Qh5 9. Qd3 Ra5 10. Bc4 f5 11. Nge2 Bxc3+ 12. Nxc3 fxe4 13. fxe4 Nf6 14. 0-0 Ng4 15. Qe2 Nc6 16. Be3 Qh3 17. Rf4 Rg5 18. Kh1 e5 19. Rf3 Rh5 20. Bf7+ Kd8 21. Bxh5 Qxh5 22. d5 Ba6 23. Qg2 Nd4 24. Bxd4 exd4 25. Ne2 Nxh2 26. Rf5 Qxe2 27. Rf2 Qe3 28. Kxh2 Bd3 29. Rd1 Bxe4 30. Re2 Bxg2 31. Rxe3 dxe3 32. Kxg2 Rf8 33. Rb1 Rf2+ 34. Kh3 Rd2 35. d6 Rxd6 36. Re1 Rd2 37. b4 Rxa2 38. Rxe3 Rb2 39. Re4 d5 40. Rd4 c6 41. Rg4 0-1